Acerca del ordenamiento de la vida social por medio del Estado /

Guardado en:
書目詳細資料
主要作者: Lechner, Norberth
格式: Texto
主題:
標簽: 添加標簽
沒有標簽, 成為第一個標記此記錄!

MARC

LEADER 00000 a a2200000 04500
001 44321
003
040
100 |a Lechner, Norberth  
245 |a Acerca del ordenamiento de la vida social por medio del Estado /  |c Norberth Lechner  
650 |a ESTADO  
650 |a AMERICA LATINA  
650 |a CAPITALISMO  
650 |a POLITICA  
650 |a PENSAMIENTO POLITICO  
650 |a LIBERALISMO  
773 |g volumen43, número3 (1981), Páginas 1079-1102  
999 |c 21426  |d 21426